Регионална библиотека "Любен Каравелов" - Русе

Иванко, убиецът на Асена (Запис номер 447929)

MARC детайли
000 -Лидер
Контролно поле с фиксирана дължина 01145nam a2200265 a 4500
003 - Код на организацията, давaща контролен номер
Контролно поле BLK
005 - Дата и час на последна редакция
Контролно поле 20230628131610.0
008 - Елементи от данни с фиксирана дължина
fixed length control field 180410b bul|||||r ||||||| ||bul||
040 ## - Източник на каталожния запис
Идентификатор на билиотеката - собственик на записа BLK
041 ## - Код за език
Код за езика на текст/звукозапис или на отделно заглавие Български
Код за езика КДБФ Български
080 ## - УДК
Текстов определител УДК Драматични театри. Театри за драма и комедия. Вж и 82-2
УДК код - определител по УДК 792.2
УДК определител (497.215)(062)
УДК - код + определител 792.2(497.215)(062)
110 ## - Редна дума - колетивен орган
9 (RLIN) 471280
Редна дума - наименование на организация или юридическо лице Драматичен театър "Сава Огнянов" - Русе
139 ## - Редно поле
Авторски знак Драи - Д 87
245 10 - Сведения за заглавието
Заглавие Иванко, убиецът на Асена
Подзаглавни данни Постановка по Васил Друмев
Физически носител (вид на носителя) [Малотир. изд.]
260 ## - Област на издателските данни
Място на издаване, разпространение и проч. Русе
Име на издателя, разпространителя и проч. б. и.
Година на издаване 1980
9 (RLIN) 219538
300 ## - Физическа характеристика
Страници 22 с.
Размери/Мащаб 21 см
380 ## - Жанр
Жанр Изкуство
500 ## - Общи забележки
Забележка Постановка Душко Добрев. - Тържествена премиера на 20 дек., в операта.
653 #7 - Ключова дума – ненормативна
9 (RLIN) 185505
Ключова дума Драматичен театър "Сава Огнянов"
653 #7 - Ключова дума – ненормативна
9 (RLIN) 197100
Ключова дума спектакли
653 #7 - Ключова дума – ненормативна
9 (RLIN) 198059
Ключова дума театрални постановки
852 ## - Местоположение
Фондова буква Краезнание
Систематично-азбучна сигнатура К 792/Д 87
999 ## - СИСТЕМНИ КОНТРОЛНИ НОМЕРА
Koha biblionumber 447929
Koha biblioitemnumber 447929
942 ## - АРТИКУЛИ
Вид на библиотечния материал Книги
Скрит в OPAC Не
Периодичен библиозапис Да
Koha issues (borrowed), all copies 1
944 ## - СЪЗДАВАНЕ И РЕДАКЦИЯ на ЗАПИСА
Създаване/Редакция Създаване
Дата на регистрацията/редакция 2022-03-09
Служител, извършил регистрацията/редакцията В. т.
Наличности
Код за отписване Код за изгубен артикул Източник на класификационната схема Код за повреда Коз за рестрикции Код за отдаване Артикулен № Име на библиотеката - собственик Име на библиотеката, в която се намира в момента Статус (Текущо местоположение) Дата на вписване в системата Местоположение - отдел Цена в лева Систематично азбучна сигнатура Баркод Цена в евро Служебен тип на артикула
  Не е изгубен Universal Decimal Classification Не е повреден само за читалня ползва се в читалня 876028 Регионална библиотека "Любен Каравелов" Русе Регионална библиотека "Любен Каравелов" Русе Краезнание 2022-03-16 Краезнание 1.00 К 792/Д 87 120000868699 0.51 Книги
Vip Innovations Ltd, Rousse, Bulgaria 2025